000 00404nam a22001697a 4500
003 MPLRDC
005 20220104123640.0
008 210129b ||||| |||| 00| 0 eng d
082 _a414.44 ZS
100 _a张寿编
245 _a各种疾病之中药疗法
_c
250 _a第二次
260 _a
_b台湾中医学会
_c1988
300 _b
650 _a中药疗法
942 _cBK
_o414.44 ZS
999 _c13083
_d13073